निसर्गोपSाार पध्दती (Record no. 333830)

MARC details
000 -LEADER
fixed length control field 00570nam a2200169Ia 4500
008 - FIXED-LENGTH DATA ELEMENTS--GENERAL INFORMATION
fixed length control field 090711s9999 xx 000 0 und d
082 ## - DEWEY DECIMAL CLASSIFICATION NUMBER
Item number 976
100 ## - MAIN ENTRY--PERSONAL NAME
Personal name गाला ध. रा.
245 ## - TITLE STATEMENT
Title निसर्गोपSाार पध्दती
260 ## - PUBLICATION, DISTRIBUTION, ETC. (IMPRINT)
Name of publisher, distributor, etc गाला पब्लिशर्स
Date of publication, distribution, etc 1990
300 ## - PHYSICAL DESCRIPTION
Extent 138
600 ## - SUBJECT ADDED ENTRY--PERSONAL NAME
Personal name गाला ध. रा.
630 ## - SUBJECT ADDED ENTRY--UNIFORM TITLE
Uniform title निसर्गोपSाार पध्दती
700 ## - ADDED ENTRY--PERSONAL NAME
Personal name गाला ध. रा.
730 ## - ADDED ENTRY--UNIFORM TITLE
Uniform title निसर्गोपSाार पध्दती
942 ## - ADDED ENTRY ELEMENTS (KOHA)
Koha item type Book

No items available.